| 000 | 00444nam a2200157 i 4500 | ||
|---|---|---|---|
| 001 | bg | ||
| 100 | 1 | _aBILLINGS, Evelyn | |
| 245 | 0 |
_aMetoda Billingsa : _bsterowanie płodnością bez pomocy środków farmakologicznych i mechanicznych / _cE. Billings, A. Westmore. |
|
| 260 |
_aWarszawa, _c1986. |
||
| 700 | 1 | _aWESTMORE, Ann | |
| 040 | _cBPK | ||
| 041 | _apol | ||
| 080 | _a613.88 | ||
| 942 | _cKS | ||
| 008 | s pl f |000 0 pol | ||
| 999 |
_c2998 _d2998 |
||
| 856 |
_uhttp://koha.tu.koszalin.pl/cgi-bin/koha/opac-detail.pl?biblionumber=2998 _yKatalog online BPK |
||